The art of theatrical design : (Record no. 19595)

MARC details
000 -LEADER
fixed length control field 01709cam a2200301 i 4500
001 - CONTROL NUMBER
control field 18206548
003 - CONTROL NUMBER IDENTIFIER
control field EG-ScBUE
005 - DATE AND TIME OF LATEST TRANSACTION
control field 20230315123641.0
008 - FIXED-LENGTH DATA ELEMENTS--GENERAL INFORMATION
fixed length control field 140630s2015 maua f bd 001 0 eng d
020 ## - INTERNATIONAL STANDARD BOOK NUMBER
International Standard Book Number 9781138021501 (pbk.)
040 ## - CATALOGING SOURCE
Original cataloging agency DLC
Language of cataloging eng
Description conventions rda
Transcribing agency DLC
Modifying agency DLC
-- EG-ScBUE
082 04 - DEWEY DECIMAL CLASSIFICATION NUMBER
Classification number 792.025
Edition number 22
Item number MAL
100 1# - MAIN ENTRY--PERSONAL NAME
Personal name Malloy, Kaoime E.,
Relator term author.
9 (RLIN) 38157
245 14 - TITLE STATEMENT
Title The art of theatrical design :
Remainder of title elements of visual compositions, methods, and practice /
Statement of responsibility, etc Kaoime E. Malloy.
264 #1 - PUBLICATION, DISTRIBUTION, ETC. (IMPRINT)
Place of publication, distribution, etc Burlington ;
-- Oxon :
Name of publisher, distributor, etc Focal Press / Taylor & Francis Group,
Date of publication, distribution, etc 2015.
300 ## - PHYSICAL DESCRIPTION
Extent xxi, 320 pages :
Other physical details color illustrations ;
Dimensions 28 cm
336 ## - CONTENT TYPE
Source rdacontent
Content type term text
Content type code txt
337 ## - MEDIA TYPE
Source rdamedia
Media type term unmediated
Media type code n
338 ## - CARRIER TYPE
Source rdacarrier
Carrier type term volume
Carrier type code nc
500 ## - GENERAL NOTE
General note Includes glossary.<br/>
504 ## - BIBLIOGRAPHY, ETC. NOTE
Bibliography, etc Includes bibliographical references and index.<br/>
505 0# - FORMATTED CONTENTS NOTE
Formatted contents note Beginnings. What is design? -- Content and context -- Genre -- Style -- Structure and format -- Elements of design. Line -- Shape/form/mass/space -- Value -- Color -- Texture -- Creating the illusion of depth on a flat surface -- Principles of design. Unity and variety -- Balance -- Repetition/pattern/rhythm -- Scale and proportion -- Emphasis and subordination -- Core principles for the theatrical designer. Collaboration -- Analysis -- Conceptualization -- The design process -- The role of the critique -- Drawing as our common language -- Rendering techniques -- Individual design areas. Costume design -- Scene design -- Lighting design -- Sound design -- Projection design.
650 #7 - SUBJECT ADDED ENTRY--TOPICAL TERM
Topical term or geographic name as entry element Theaters
General subdivision Stage-setting and scenery.
Source of heading or term BUEsh
651 ## - SUBJECT ADDED ENTRY--GEOGRAPHIC NAME
Source of heading or term BUEsh
653 ## - INDEX TERM--UNCONTROLLED
Resource For college Communication and mass media
Arrived date list June2015
655 ## - INDEX TERM--GENRE/FORM
Form subdivision Reading book
942 ## - ADDED ENTRY ELEMENTS (KOHA)
Source of classification or shelving scheme Dewey Decimal Classification
Koha item type Book - Borrowing
Holdings
Withdrawn status Lost status Source of classification or shelving scheme Damaged status Not for loan Collection code Home library Current library Shelving location Date acquired Source of acquisition Cost, normal purchase price Serial Enumeration / chronology Total Checkouts Total Renewals Full call number Barcode Date last seen Date checked out Cost, replacement price Koha item type
    Dewey Decimal Classification     Alahram Central Library Central Library Second Floor 11/06/2015   420.00 313 3 4 792.025 MAL 000038517 15/07/2025 03/11/2020 525.00 Book - Borrowing